000 00295nam a22001337a 4500
008 170904b xxu||||| |||| 00| 0 eng d
020 _a9780452274365
041 _aeng
080 _23RD
_a070
100 _a40
101 _aMED
245 _aTHE BASIC DARKROOM BOOK
_cGRIMM,T
942 _2udc
_cBK
999 _c26033
_d26033